[Event "Havana Province-ch sf (Women)"]
[Site "Havana"]
[Date "2009.09.27"]
[Round "9"]
[White "Castillo Calvet, Lisandra"]
[Black "Rodriguez Perez, Roxana"]
[Result "1-0"]
[WhiteElo "2014"]
[BlackElo "1984"]
[PlyCount "93"]
[EventDate "2009.09.19"]
[EventType "swiss"]
[EventRounds "9"]
[EventCountry "CUB"]
[EventCategory "1"]
[SourceTitle "EXT 2012"]
[Source "ChessBase"]
[SourceDate "2011.11.24"]
[SourceVersion "1"]
[SourceVersionDate "2011.11.24"]
[SourceQuality "1"]

1. d4 Nf6 2. Bg5 e6 3. e3 Be7 4. Bd3 b6 5. Nf3 Bb7 6. h3 d6 7. Nbd2 Nbd7 8. Bf4 Nh5 9. Bh2 0-0 10. g4 Nhf6 11. g5 Nh5 12. Rg1 g6 13. Ne4 c5 14. Nxd6 Bxd6 15. Bxd6 Re8 16. Bh2 cxd4 17. Ne5 Nxe5 18. Bxe5 dxe3 19. fxe3 Qd5 20. Bc3 Red8 21. e4 Qc5 22. Qg4 Qe3+ 23. Kf1 Qf4+ 24. Qxf4 Nxf4 25. Rg3 Nxd3 26. cxd3 Rd7 27. Rd1 Bxe4 28. Ke2 Bd5 29. a3 Kf8 30. Rf1 Ke7 31. Rf4 b5 32. Rh4 Rc8 33. Rxh7 Rc5 34. Bb4 Rdc7 35. d4 Bc4+ 36. Ke3 Kd6 37. Bxc5+ Kd5 38. Rh8 Ba2 39. Rd8+ Kc4 40. Rg1 Kb3 41. Rg2 e5 42. Bd6 exd4+ 43. Kxd4 Rc4+ 44. Ke5 Rh4 45. Rg3+ Kxb2 46. Bb4 Be6 47. Rd2+ 1-0